[Event "Mechanics"]
[Site "San Francisco"]
[Date "1997.??.??"]
[Round "8"]
[White "Wojtkiewicz, Aleksander"]
[Black "Stein, Aleksander"]
[Result "1-0"]
[WhiteElo "2575"]
[BlackElo "2295"]

1.Nf3 Nf6 2.c4 Nc6 3.d4 e6 4.g3 Bb4+ 5.Bd2 Qe7 6.Bg2 Bxd2+ 7.Nbxd2 d6 8.O-O a5
9.e4 e5 10.d5 Nb8 11.Ne1 h5 12.h4 Bg4 13.f3 Bd7 14.Nd3 Na6 15.f4 c6 16.Qb3 O-O
17.fxe5 dxe5 18.Qc3 cxd5 19.exd5 Ng4 20.Rae1 f6 21.Qxa5 b6 22.Qxb6 Rfb8 23.Qa5 Nb4
24.Qc5 Qxc5+ 25.Nxc5 Nc2 26.Nxd7 Rxb2 27.Rb1 Nd4 28.Ne4 Raxa2 29.Rxb2 Rxb2
30.d6 f5 31.Ndc5 fxe4 32.Nxe4 Nf6 33.Nxf6+ gxf6 34.Kh2  1-0

[Event "Viareggio op"]
[Site "Viareggio"]
[Date "1997.??.??"]
[Round "?"]
[White "Wojtkiewicz, Aleksander"]
[Black "Saccone, Fabio"]
[Result "1-0"]
[WhiteElo "2565"]
[BlackElo "2250"]

1.Nf3 f5 2.g3 Nf6 3.Bg2 g6 4.b3 Bg7 5.Bb2 O-O 6.d4 d6 7.O-O c6 8.Nbd2 Na6
9.c4 Bd7 10.Qc2 Nb4 11.Qb1 e5 12.a3 Na6 13.Qc2 Qb6 14.Rac1 c5 15.dxc5 Nxc5
16.Bc3 Rfc8 17.Qb2 Bc6 18.Ne1 a5 19.Rd1 Rab8 20.Nc2 Bh6 21.Bxc6 bxc6 22.b4 Na4
23.Qb3 Nc5 24.bxc5  1-0

[Event "Atlantic op"]
[Site "Washington DC"]
[Date "1997.??.??"]
[Round "2"]
[White "Bouzoukis, Charles"]
[Black "Wojtkiewicz, Aleksander"]
[Result "1-0"]
[WhiteElo "2315"]
[BlackElo "2575"]

1.e4 c5 2.Nc3 Nc6 3.f4 g6 4.Nf3 Bg7 5.Bc4 e6 6.f5 Nge7 7.fxe6 fxe6 8.d3 d5
9.Bb3 b5 10.O-O c4 11.dxc4 dxc4 12.Qxd8+ Nxd8 13.Nxb5 cxb3 14.Nc7+ Kd7 15.Nxa8 bxc2
16.Rf2 Bb7 17.Rd2+ Kc8 18.Rxc2+ Nec6 19.Be3 Kb8 20.Nb6 axb6 21.Bxb6 Nf7 22.Rd1 Nfe5
23.Ng5 Bc8 24.a3 Kb7 25.Bc5 h6 26.Nf3 Nxf3+ 27.gxf3 g5 28.Rd3 Ne5 29.Rb3+ Ka8
30.Bd6 Ba6 31.Rc7 Rd8 32.Rb6 Nxf3+ 33.Kh1  1-0

[Event "Keres Rapid"]
[Site "Tallinn"]
[Date "1998.01.10"]
[Round "1"]
[White "Ehlvest, Jaan"]
[Black "Wojtkiewicz, Aleksander"]
[Result "1/2-1/2"]
[WhiteElo "2610"]
[BlackElo "2535"]

1.e4 c5 2.Nf3 d6 3.d4 cxd4 4.Nxd4 Nf6 5.Nc3 a6 6.Be2 g6 7.Be3 Bg7 8.Qd2 O-O
9.Bh6 b5 10.Bxg7 Kxg7 11.f3 b4 12.Nd5 Nxd5 13.exd5 Bb7 14.h4 Kh8 15.Qxb4 Bxd5
16.c4 Nc6 17.Qd2 e5 18.Nxc6 Bxc6 19.O-O-O d5 20.cxd5 Ba4 21.b3 Bd7 22.Kb2 Qf6
23.d6 Rfd8 24.Qg5 Qg7 25.h5 e4+ 26.Ka3 Re8 27.h6 Qf8 28.Qf6+ Kg8 29.fxe4 Rxe4
30.Bf3 Re6 31.Qd4 Rd8 32.Rhe1 Rxe1 33.Rxe1 Be6 34.Rd1 Qxh6 35.Kb2  1/2-1/2

[Event "Keres Rapid"]
[Site "Tallinn"]
[Date "1998.01.10"]
[Round "2"]
[White "Atalik, Suat"]
[Black "Wojtkiewicz, Aleksander"]
[Result "1-0"]
[WhiteElo "2595"]
[BlackElo "2535"]

1.d4 g6 2.c4 Bg7 3.e4 d6 4.Nc3 e5 5.Nge2 exd4 6.Nxd4 Ne7 7.Be2 O-O 8.Be3 Nbc6
9.Qd2 f5 10.exf5 Nxf5 11.Nxf5 Bxf5 12.O-O Qh4 13.Rad1 h6 14.Bf3 Ne5 15.Bxb7 Rab8
16.Bd5+ Kh7 17.Bxa7 Rbe8 18.Bd4 Bg4 19.f3 Bd7 20.b3 g5 21.Be4+ Kh8 22.Bf2 Qh5
23.Ne2 Qf7 24.Bd4 Qh5 25.Ng3 Qf7 26.c5 Bb5 27.Rfe1 Rd8 28.Qc3 Bd7 29.cxd6 cxd6
30.Bb1 Rc8 31.Qe3 Rce8 32.Ne4 d5 33.Nd6  1-0

[Event "Keres Rapid"]
[Site "Tallinn"]
[Date "1998.01.11"]
[Round "6"]
[White "Xie Jun"]
[Black "Wojtkiewicz, Aleksander"]
[Result "1/2-1/2"]
[WhiteElo "2485"]
[BlackElo "2535"]

1.e4 c5 2.Nf3 d6 3.d4 cxd4 4.Nxd4 Nf6 5.Nc3 a6 6.Be3 e5 7.Nf3 Be7 8.Bc4 O-O
9.O-O Be6 10.Bb3 b5 11.a4 Nc6 12.Bxe6 fxe6 13.axb5 axb5 14.Rxa8 Qxa8 15.Nxb5 Nxe4
16.c4 Rd8 17.Qc2 Nf6 18.h3 Qb7 19.Ng5 Qd7 20.f4 Rc8 21.fxe5 Nxe5 22.Rxf6 Bxf6
23.Qxh7+ Kf8 24.Ne4 Nf7 25.Nbxd6 Nxd6 26.Nxd6 Rc6 27.c5 Rxd6 28.cxd6 Qxd6
29.Qe4 Kf7 30.b4 Be5 31.Qf3+ Kg8 32.b5 Qb4 33.Qe2 Bg3 34.Qf1 Bd6 35.b6 Qc3
36.Bf2 Qb3 37.Qc1 Kf7 38.Qe3 Qb1+ 39.Qe1 Qb5 40.Qe4 Ke7 41.Qb7+ Kf6 42.Bd4+ e5
43.Qf3+ Ke6 44.Be3 Qb1+ 45.Qf1 Qb3 46.Qe2 e4 47.Qg4+ Kd5 48.Qf5+ Be5 49.Bf4 Qxb6+
50.Kh2 Qf6 51.Qd7+ Qd6 52.Qb7+ Kd4 53.Qb2+ Kd5 54.Qb3+ Kd4 55.Qd1+ Kc5 56.Qc2+ Kd5
57.Qb3+ Kc5  1/2-1/2

[Event "Keres Rapid"]
[Site "Tallinn"]
[Date "1998.01.11"]
[Round "8"]
[White "Krivonosov, Oleg"]
[Black "Wojtkiewicz, Aleksander"]
[Result "0-1"]
[WhiteElo "2435"]
[BlackElo "2535"]

1.Nf3 g6 2.c4 Bg7 3.e4 c5 4.d4 Qa5+ 5.Nc3 d6 6.Be2 Bg4 7.dxc5 dxc5 8.Bd2 Nc6
9.O-O Nf6 10.Nd5 Qd8 11.Bc3 O-O 12.h3 Bxf3 13.Bxf3 Nd7 14.Qb3 e6 15.Qxb7 Nd4
16.Bxd4 Bxd4 17.Nc7 Ne5 18.Nxa8 Nxf3+ 19.gxf3 Qg5+ 20.Kh1 Qf4 21.Kg2 Rb8
22.Qd7 Rxb2 23.Rad1 Be5 24.Qd8+ Kg7 25.Rh1 Qg3+  0-1

[Event "World op"]
[Site "Philadelphia"]
[Date "1998.06.28"]
[Round "2"]
[White "Schwartz, Ylan"]
[Black "Wojtkiewicz, Aleksander"]
[Result "0-1"]
[WhiteElo "2295"]
[BlackElo "2535"]

1.e4 c5 2.Nc3 e6 3.Nf3 a6 4.d4 cxd4 5.Nxd4 d6 6.a4 b6 7.Bd3 Bb7 8.O-O Nf6
9.Kh1 Be7 10.f4 Nbd7 11.Qf3 O-O 12.Bd2 Rc8 13.Qh3 Nc5 14.Rae1 Nfd7 15.f5 Bf6
16.Nde2 exf5 17.Rxf5 g6 18.Rf2 Bh4 19.g3 Bg5 20.Nf4 Ne5 21.Bf1 Ncd7 22.Nfd5 Bxd2
23.Rxd2 Nf6 24.Rf2 Nxd5 25.Nxd5 f5 26.Bg2 Bxd5 27.exd5 Rc4 28.b3 Rc3 29.Qh6 Ng4
30.Qd2 Nxf2+ 31.Qxf2 Qc7 32.Rc1 Qc5 33.Qxc5 bxc5 34.Bf1 f4  0-1

[Event "Cardoza US op"]
[Site "Kona"]
[Date "1998.08.02"]
[Round "2"]
[White "Wojtkiewicz, Aleksander"]
[Black "Kaugars, Agnis"]
[Result "1-0"]
[WhiteElo "2595"]
[BlackElo "2150"]

1.Nf3 f5 2.g3 Nf6 3.Bg2 g6 4.b3 Bg7 5.Bb2 d6 6.d4 c6 7.O-O O-O 8.c4 a5 9.Nc3 Na6
10.Re1 Ne4 11.Qc2 d5 12.e3 Kh8 13.Rac1 Be6 14.Qe2 Nb8 15.Ne5 Nd7 16.Nd3 Bg8
17.cxd5 cxd5 18.a4 Nxc3 19.Rxc3 Rc8 20.Rxc8 Qxc8 21.Rc1 Qb8 22.Nf4 Qd6 23.Qb5 e5
24.dxe5 Nxe5 25.Bd4 Qb4 26.Qxb4 axb4 27.Rc7 Bf7 28.Rxb7  1-0

[Event "Cardoza US op"]
[Site "Kona"]
[Date "1998.08.05"]
[Round "5"]
[White "Paragua, Mark"]
[Black "Wojtkiewicz, Aleksander"]
[Result "0-1"]
[WhiteElo "2260"]
[BlackElo "2595"]

1.e4 c5 2.Nf3 d6 3.d4 cxd4 4.Nxd4 Nf6 5.Nc3 a6 6.Be3 e5 7.Nb3 Be6 8.Qd2 Nbd7
9.f3 Rc8 10.g4 Be7 11.g5 Nh5 12.O-O-O Nb6 13.Kb1 O-O 14.h4 Ng3 15.Bxb6 Qxb6
16.Rh2 Nh5 17.Bd3 g6 18.Ne2 d5 19.exd5 Bxd5 20.Rf1 Bb4 21.c3 Be7 22.Nec1 Rfd8
23.Qf2 Qxf2 24.Rhxf2 h6 25.gxh6 Bxh4 26.Rh2 Bg5 27.h7+ Kg7 28.Bc2 Bf4 29.Rh4 Rh8
30.Nd3 Rxh7 31.Nb4 Ng3 32.Rxh7+ Kxh7 33.Rf2 Be6 34.Nd3 Nh5 35.Re2 f6 36.Nxf4 Nxf4
37.Rd2 Kg7 38.Be4 Rc7 39.Rd6 f5 40.Bc2 Rd7 41.Rxd7+ Bxd7 42.Na5 b5 43.c4 Kf6
44.c5 Ke7 45.b4 g5 46.Kc1 Ne2+ 47.Kd2 Nd4 48.Bd1 Be6 49.a4 bxa4 50.Bxa4 Nxf3+
51.Ke3 Nd4 52.Nc6+ Nxc6 53.Bxc6 Bc4 54.Bb7 Kd7  0-1

[Event "Cardoza US op"]
[Site "Kona"]
[Date "1998.08.06"]
[Round "6"]
[White "Wojtkiewicz, Aleksander"]
[Black "Mulyar, Michael A"]
[Result "1-0"]
[WhiteElo "2595"]
[BlackElo "2400"]

1.Nf3 Nf6 2.c4 g6 3.g3 Bg7 4.Bg2 O-O 5.d4 d6 6.O-O Nbd7 7.Nc3 e5 8.e4 exd4
9.Nxd4 Nc5 10.h3 Re8 11.Re1 a5 12.Rb1 a4 13.b4 axb3 14.axb3 Bd7 15.Bf4 Ne6
16.Nxe6 Bxe6 17.Qd2 Nd7 18.Bh6 Bxh6 19.Qxh6 Qf6 20.Qd2 Nc5 21.Re3 Red8 22.f4 c6
23.Kh2 h5 24.h4 Bd7 25.b4 Ne6 26.Rd3 Be8 27.Rf1 Nf8 28.Rd1 Ne6 29.Qe3 Nf8
30.Bh3  1-0

[Event "Cardoza US op"]
[Site "Kona"]
[Date "1998.08.07"]
[Round "7"]
[White "Rogers, Ian"]
[Black "Wojtkiewicz, Aleksander"]
[Result "1/2-1/2"]
[WhiteElo "2605"]
[BlackElo "2595"]

1.d4 Nf6 2.c4 g6 3.Nc3 Bg7 4.e4 O-O 5.Be3 c6 6.e5 Ne8 7.f4 d6 8.Nf3 c5 9.dxc5 Nc6
10.cxd6 exd6 11.Qd2 Bf5 12.Be2 dxe5 13.Qxd8 Rxd8 14.Bc5 exf4 15.Rd1 Nc7 16.Bxf8 Rxf8
17.Nd5 Nxd5 18.cxd5 Nb4 19.O-O Bxb2 20.Nd4 Bd3 21.Bxd3 Bxd4+ 22.Kh1 Be5 23.Rfe1 Bd6
24.a3 Na2 25.Rb1 b6 26.Rb3 Rc8 27.Bb1 Nc3 28.Rc1 Be5 29.d6 Rc5 30.g3 f3 31.d7 Rd5
32.Be4  1/2-1/2

[Event "Najdorf op"]
[Site "Buenos Aires"]
[Date "1998.10.24"]
[Round "1"]
[White "Pichuaga, Juan Pablo"]
[Black "Wojtkiewicz, Aleksander"]
[Result "0-1"]
[WhiteElo "2155"]
[BlackElo "2595"]

1.e4 c5 2.Nf3 d6 3.d4 cxd4 4.Nxd4 Nf6 5.Nc3 a6 6.Be2 g6 7.O-O Bg7 8.Be3 O-O
9.h3 Nc6 10.a4 Bd7 11.Nb3 Na5 12.Ra3 Be6 13.Nd5 Bxd5 14.exd5 Rc8 15.Nxa5 Qxa5
16.c4 Ne4 17.Rb3 Rb8 18.Rb6 Nc5 19.Bxc5 Qxc5 20.Qb3 Bd4 21.Rxb7 Qa7 22.Rxa7 Rxb3
23.Rxe7 Bc5 24.Rb1 Rfb8 25.Bf1 R8b4 26.Re2 Rxa4 27.Rc1 Ra2 28.Rcc2 Ra1 29.g3 Rxg3+
30.Kh2 Rb3 31.Kg2 Kg7 32.Red2 Rb1 33.Re2 a5 34.Red2 a4 35.Be2 Bb4 36.Rd1 R3xb2
37.Rxb2 Rxb2 38.Bd3 Bc5  0-1

[Event "Najdorf op"]
[Site "Buenos Aires"]
[Date "1998.10.25"]
[Round "2"]
[White "Wojtkiewicz, Aleksander"]
[Black "Curi, Gabriel"]
[Result "1-0"]
[WhiteElo "2595"]
[BlackElo "2315"]

1.Nf3 d5 2.d4 Nf6 3.c4 c6 4.Qc2 e6 5.g3 Nbd7 6.Bg2 Bd6 7.O-O O-O 8.Rd1 Ne4
9.Ne5 f5 10.Nd3 Qf6 11.e3 Qf7 12.b3 g5 13.Ba3 Bxa3 14.Nxa3 Qh5 15.Re1 Ndf6
16.Qe2 g4 17.h4 gxh3 18.Qxh5 Nxh5 19.Bxh3 Bd7 20.Rec1 Rfc8 21.Nc2 b5 22.Ne5 Nhf6
23.cxb5 cxb5 24.Bf1 Be8 25.Nb4 Nd6 26.Na6 Bf7 27.Nc7 Rab8 28.Nc6 Rxc7 29.Nxb8 Rb7
30.Nc6 Ng4 31.Be2 Ne4 32.Bxg4 fxg4 33.Ne5 Kg7 34.Nxg4 Bh5 35.Ne5 b4 36.Rc6 Kf6
37.g4 Be8 38.Rc8 Ke7 39.f3 Nc3 40.a3 bxa3  1-0

[Event "Najdorf op"]
[Site "Buenos Aires"]
[Date "1998.10.28"]
[Round "5"]
[White "Llanos, Guillermo"]
[Black "Wojtkiewicz, Aleksander"]
[Result "1-0"]
[WhiteElo "2425"]
[BlackElo "2595"]

1.d4 g6 2.e4 Bg7 3.c4 d6 4.Nc3 Nf6 5.Nf3 O-O 6.Be2 Bg4 7.Be3 a6 8.O-O Nfd7
9.Rc1 c5 10.dxc5 dxc5 11.Ng5 Bxe2 12.Qxe2 Nc6 13.f4 Nd4 14.Qf2 Nb8 15.e5 Nbc6
16.Rfd1 Qa5 17.Nd5 f6 18.b4 cxb4 19.exf6 exf6 20.Ne4 f5 21.Nd6 Qa3 22.Rb1 b3
23.Nxb7 bxa2 24.Ra1 Rab8 25.Rxa2 Qb3 26.Rad2 Rxb7 27.Bxd4 Nxd4 28.Rxd4 Bxd4
29.Qxd4 Qb2 30.Qe3 Qc2 31.Rc1 Rb1 32.Qe6+ Kg7 33.Qe5+ Kh6 34.Rxb1 Qxb1+ 35.Kf2 Qc2+
36.Kg3 Qxc4 37.Qe7 Qc8 38.Nc7 Qd8 39.Qc5 Qd3+ 40.Kh4 Qd8+ 41.Kh3 Rf7 42.Ne6 Qd3+
43.g3 Qf1+ 44.Kh4 Qe2 45.Kh3 Qxe6  1-0

[Event "Najdorf op"]
[Site "Buenos Aires"]
[Date "1998.10.30"]
[Round "7"]
[White "Krasenkow, Michal"]
[Black "Wojtkiewicz, Aleksander"]
[Result "1/2-1/2"]
[WhiteElo "2655"]
[BlackElo "2595"]

1.c4 c5 2.Nf3 g6 3.d4 cxd4 4.Nxd4 Nc6 5.e4 Nf6 6.Nc3 d6 7.Be2 Nxd4 8.Qxd4 Bg7
9.Be3 O-O 10.Qd2 Be6 11.f3 Qa5 12.Rc1 Rac8 13.b3 h5 14.Nd5 Qxd2+ 15.Kxd2 Nxd5
16.exd5 Bf5 17.Bd3 Bxd3 18.Kxd3 Rfe8 19.Rhe1 Be5 20.Bg1 e6 21.dxe6 Rxe6 22.b4 a6
23.a4 Kf8 24.a5 Bf6 25.Be3 Ke8 26.b5 Bd8 27.Bd2 Rxe1 28.Bxe1 Kd7 29.b6 Bf6
30.Bb4 Re8 31.Re1  1/2-1/2

[Event "Najdorf op"]
[Site "Buenos Aires"]
[Date "1998.10.31"]
[Round "8"]
[White "Wojtkiewicz, Aleksander"]
[Black "Zapata, Alonso"]
[Result "1-0"]
[WhiteElo "2595"]
[BlackElo "2470"]

1.Nf3 Nf6 2.c4 d6 3.d4 Nbd7 4.Nc3 c6 5.e4 e5 6.Be2 g6 7.O-O Bg7 8.Be3 Ng4
9.Bg5 f6 10.Bd2 O-O 11.d5 c5 12.Nb5 Nb8 13.b4 Na6 14.a3 Nh6 15.Rb1 Nf7 16.Ne1 f5
17.Nc3 fxe4 18.Nxe4 Bf5 19.f3 Bh6 20.Nd3 Bxd2 21.Qxd2 b6 22.Bd1 Bxe4 23.fxe4 Qg5
24.Qxg5 Nxg5 25.Re1 h5 26.h4 Nh7 27.Ba4 Rac8 28.Bb5 Nb8 29.bxc5 bxc5 30.Ba4 Rc7
31.Rf1 Nd7 32.Bxd7 Rxd7 33.Rxf8+ Kxf8 34.Kf2 Nf6 35.Ke3 Ng4+ 36.Ke2 Ke7 37.Ne1 Nf6
38.Kd3 Rc7 39.Nf3 Nd7 40.a4 a6 41.Ng5 Rc8 42.Rb7 Rb8  1-0

[Event "Najdorf op"]
[Site "Buenos Aires"]
[Date "1998.11.01"]
[Round "9"]
[White "Wojtkiewicz, Aleksander"]
[Black "Soppe, Guillermo"]
[Result "1-0"]
[WhiteElo "2595"]
[BlackElo "2455"]

1.Nf3 d5 2.d4 Nf6 3.c4 c6 4.Qc2 g6 5.Bf4 dxc4 6.Qxc4 Bg7 7.Nbd2 Qa5 8.a3 O-O
9.e3 Be6 10.Qc2 Nbd7 11.b4 Qd8 12.Bc4 Bd5 13.O-O Nh5 14.Bxd5 cxd5 15.Bc7 Qe8
16.Rac1 Nhf6 17.Qb3 Nb6 18.Rc5 Rc8 19.Rfc1 Qd7 20.Ne5 Qf5 21.Bxb6 axb6 22.Rc7 Ne4
23.Nxe4 Rxc7 24.Rxc7  1-0

[Event "Villa Martelli op"]
[Site "Villa Martelli"]
[Date "1998.11.06"]
[Round "2"]
[White "Lopez, Carlos Manuel"]
[Black "Wojtkiewicz, Aleksander"]
[Result "0-1"]
[WhiteElo "2285"]
[BlackElo "2595"]

1.e4 c5 2.Nf3 d6 3.d4 cxd4 4.Nxd4 Nf6 5.Nc3 a6 6.Bg5 e6 7.Qd2 Nbd7 8.f3 b5
9.Bd3 Bb7 10.O-O-O Rc8 11.Kb1 Be7 12.Be3 b4 13.Nce2 d5 14.Ng3 O-O 15.Qe2 dxe4
16.fxe4 Qc7 17.Rdf1 Nc5 18.Bc1 Nfd7 19.Nb3 Ne5 20.Nxc5 Bxc5 21.Bf4 Bd6 22.Nh5 a5
23.Bg5 f6 24.Bf4 a4 25.Bc1 b3 26.cxb3 axb3 27.axb3 Nxd3 28.Qxd3 Ba6 29.Qd2 Bxf1
30.Rxf1 Rfd8 31.Qe2 Be5 32.Bf4 Bxf4 33.Nxf4 Qe5 34.g3 Rd4 35.Re1 Rcd8 36.Qc2 Rd2  0-1

[Event "Villa Martelli op"]
[Site "Villa Martelli"]
[Date "1998.11.07"]
[Round "3"]
[White "Wojtkiewicz, Aleksander"]
[Black "Barria, Daniel"]
[Result "1-0"]
[WhiteElo "2595"]
[BlackElo "2305"]

1.Nf3 d5 2.d4 c6 3.c4 dxc4 4.e3 b5 5.a4 e6 6.b3 Bb4+ 7.Bd2 Bxd2+ 8.Nfxd2 cxb3
9.axb5 b2 10.Ra2 Ne7 11.Rxb2 O-O 12.Bd3 cxb5 13.Rxb5 Nbc6 14.Qc2 h6 15.Be4 Bd7
16.Rc5 Nb4 17.Qc4 Rb8 18.O-O Qb6 19.Nc3 Rfc8 20.Rb1 a5 21.Nb3 Na6 22.Rxc8+ Bxc8
23.Qa4 Qd8 24.Nxa5 Rxb1+ 25.Bxb1 Kf8 26.Nc4 g6 27.h3 Kg7 28.Be4 Qd7 29.Qa3 Qc7
30.Nd6 Qd8 31.Bd3 Nb8 32.Nce4 Nd7 33.Qa7 Nf6 34.Nxf6 Kxf6 35.Qb8 Kg7 36.Bb5 Qa5
37.Kh2 Qc3 38.Qa7 Kf8 39.Qb6  1-0

[Event "Villa Martelli op"]
[Site "Villa Martelli"]
[Date "1998.11.08"]
[Round "4"]
[White "Quiroga, Facundo"]
[Black "Wojtkiewicz, Aleksander"]
[Result "1/2-1/2"]
[WhiteElo "2370"]
[BlackElo "2595"]

1.d4 Nf6 2.c4 g6 3.Nc3 Bg7 4.e4 O-O 5.Nf3 c6 6.e5 Ne8 7.Be2 d6 8.O-O Bg4
9.Ng5 Bf5 10.f4 dxe5 11.dxe5 Qxd1 12.Rxd1 Na6 13.Be3 f6 14.exf6 exf6 15.Nge4 Bxe4
16.Nxe4 f5 17.Nc5 Nxc5 18.Bxc5 Rf7 19.Rd2 Bf8 20.Bxf8 Kxf8 21.Bf3 a5 22.Rad1 Nc7
23.Kf2 Ne6 24.g3 Re7 25.b3 Nc5 26.Rd8+ Re8 27.Rxa8 Rxa8 28.Ke3 Ke7 29.Kd4 Kd6
30.Kc3+ Kc7 31.Re1 Rd8 32.Re3 Kd6 33.a3 Ra8 34.Kb2 Ne6 35.Rd3+ Ke7 36.Re3 Rd8
37.Kc3 Kf6 38.Rd3 Re8 39.Rd6 Ke7 40.Rd3 h6 41.h4 Rg8 42.b4 axb4+ 43.axb4 Ra8
44.c5 Ra2 45.Kb3 Rf2 46.Bd1 g5 47.hxg5 hxg5 48.fxg5 Nxg5 49.Re3+ Kf6 50.Bc2 Ne6
51.Bd3 Ng5  1/2-1/2

[Event "Bad Woerishofen op"]
[Site "Bad Woerishofen"]
[Date "1998.??.??"]
[Round "4"]
[White "Gutman, Lev"]
[Black "Wojtkiewicz, Aleksander"]
[Result "0-1"]
[WhiteElo "2475"]
[BlackElo "2535"]

1.Nf3 g6 2.g3 Bg7 3.d4 Nf6 4.Bg2 O-O 5.O-O d6 6.c4 Nbd7 7.h3 e5 8.Be3 exd4
9.Nxd4 Re8 10.Nc3 Rxe3 11.fxe3 Qe7 12.Nf3 Nb6 13.e4 Nxc4 14.Qc1 c6 15.Nd1 Ne5
16.Nxe5 Qxe5 17.Qf4 Qc5+ 18.Qf2 Qh5 19.g4 Qe5 20.Qf4 Qc5+ 21.Nf2 Be6 22.Rac1 Qa5
23.Qxd6 Qxa2 24.Qb4 Qb3 25.Qxb3 Bxb3 26.Rc3 Be6 27.Rd1 Kf8 28.Ra3 Nd7 29.b4 Ne5
30.Rb1 Nc4 31.Rd3 Ke7 32.g5 b5 33.h4 a5 34.bxa5 Rxa5 35.Bh3 Ne5 36.Rdd1 Bc4
37.Ng4 Ra7 38.Nxe5 Bxe5 39.Kf2 Bc3 40.Ke3 Be5 41.Kf3 c5 42.e3 b4 43.Bf1 Be6
44.Rdc1 Bc3 45.Rxc3 bxc3 46.Rc1 Ra3 47.e5 Bd5+ 48.Kf4 Bc6 49.h5 Ba4 50.e6 Kxe6
51.Bc4+ Ke7 52.hxg6 hxg6 53.Ke5 c2 54.e4 Rg3 55.Kd5 Rxg5+ 56.e5 Rg2 57.Kxc5 Rd2  0-1

[Event "Bad Woerishofen op"]
[Site "Bad Woerishofen"]
[Date "1998.??.??"]
[Round "6"]
[White "Nikolac, Juraj"]
[Black "Wojtkiewicz, Aleksander"]
[Result "0-1"]
[WhiteElo "2435"]
[BlackElo "2535"]

1.d4 Nf6 2.Nf3 g6 3.Bg5 Bg7 4.Nbd2 O-O 5.e4 d5 6.exd5 Nxd5 7.Nb3 h6 8.Bd2 Nd7
9.Be2 c5 10.c4 N5f6 11.O-O Ne4 12.Be3 b6 13.Qc1 Kh7 14.Rd1 Qc7 15.Bf4 Qc6
16.Qc2 f5 17.d5 Qf6 18.Rab1 e5 19.dxe6 Qxe6 20.Re1 Bb7 21.Bd3 Qc6 22.Nbd2 Rae8
23.Bf1 Kg8 24.Rbd1 g5 25.Bg3 Nxd2 26.Qxd2 Rxe1 27.Nxe1 Bd4 28.Nf3 f4 29.Nxd4 cxd4
30.Qxd4 Rf7 31.Bxf4 gxf4 32.Re1 Rg7 33.f3 Qc5 34.Qxc5 Nxc5 35.Re8+ Kf7 36.Rd8 Bxf3
37.Rd4 Bc6 38.Rxf4+ Ke7 39.g3 a5 40.Rh4 Rg6 41.Be2 Rf6 42.Rd4 Ne6 43.Rd3 Ng5
44.Re3+ Kd6 45.h4 Nf3+ 46.Bxf3 Rxf3 47.Rxf3 Bxf3 48.Kf2 Bg4  0-1

[Event "Bad Woerishofen op"]
[Site "Bad Woerishofen"]
[Date "1998.??.??"]
[Round "9"]
[White "Wojtkiewicz, Aleksander"]
[Black "Espig, Lutz"]
[Result "1-0"]
[WhiteElo "2535"]
[BlackElo "2405"]

1.Nf3 c5 2.c4 g6 3.e4 Nc6 4.d4 cxd4 5.Nxd4 Bg7 6.Be3 Nf6 7.Nc3 Ng4 8.Qxg4 Nxd4
9.Qd1 e5 10.Nb5 O-O 11.Nxd4 exd4 12.Bxd4 Qa5+ 13.Ke2 Re8 14.f3 d5 15.Bxg7 Rxe4+
16.Kd3 Re8 17.Bc3 dxc4+ 18.Kc2 Bf5+ 19.Kc1 Qc5 20.b4 cxb3 21.Qd4 Qxd4 22.Bxd4 Rac8+
23.Kb2 Rc2+ 24.Kxb3 Rd2 25.Bc3 Rd6 26.Bb5 Rb6 27.a4  1-0

[Event "Bad Zwesten op"]
[Site "Bad Zwesten"]
[Date "1998.??.??"]
[Round "1"]
[White "Wojtkiewicz, Aleksander"]
[Black "Sponer, Gunter"]
[Result "1-0"]
[WhiteElo "2575"]
[BlackElo "2165"]

1.Nf3 Nf6 2.c4 g6 3.g3 Bg7 4.Bg2 d6 5.d4 O-O 6.O-O Nbd7 7.Nc3 c6 8.e4 e5
9.Rb1 a5 10.h3 exd4 11.Nxd4 Ne5 12.b3 Qc7 13.Be3 Re8 14.Re1 Ned7 15.f4 Nc5
16.Bf2 Ne6 17.Qd2 Nxd4 18.Bxd4 Be6 19.Rbd1 Rad8 20.Na4 c5 21.Bc3 b6 22.Qb2 Nh5
23.Bxg7 Nxg7 24.Nc3 f5 25.Nb5 Qb8 26.exf5 Nxf5 27.Rxe6 Rxe6 28.Bd5 Kf7 29.g4 Ne7
30.Bxe6+ Kxe6 31.Qg7  1-0

[Event "Bad Zwesten op"]
[Site "Bad Zwesten"]
[Date "1998.??.??"]
[Round "2"]
[White "Lau, Udo"]
[Black "Wojtkiewicz, Aleksander"]
[Result "0-1"]
[WhiteElo "2255"]
[BlackElo "2575"]

1.d4 g6 2.Nf3 Bg7 3.e4 d6 4.Be2 Nd7 5.O-O e5 6.dxe5 dxe5 7.Bg5 Ngf6 8.Nc3 h6
9.Bh4 c6 10.Qd6 Bf8 11.Qd3 Qe7 12.Rfd1 Bg7 13.Qd6 Qxd6 14.Rxd6 Nh5 15.Rad1 g5
16.Bg3 Nxg3 17.hxg3 Bf8 18.R6d2 a6 19.a4 Rh7 20.Rxd7 Bxd7 21.Nxe5 Be6 22.f4 Bg7
23.a5 gxf4 24.gxf4 Rd8 25.Bd3 Bxe5 26.fxe5 Rg7 27.Na4 Rg5 28.Nc5 Rxe5 29.b4 Bc8
30.Kf2 Ke7 31.Rh1 Rd4 32.Rb1 Rd6 33.Rh1 Rg5 34.Re1 h5 35.Re2 Rd4 36.c3 Rd6
37.Bc4 Rd1 38.Rc2 h4 39.Bf1 Rg6 40.Be2 Rh1 41.Bd3 Rf6+ 42.Ke3 Re1+ 43.Kd2 Rg1
44.Ke3 Rg6  0-1

[Event "Bad Zwesten op"]
[Site "Bad Zwesten"]
[Date "1998.??.??"]
[Round "3"]
[White "Wojtkiewicz, Aleksander"]
[Black "Kersten, Uwe"]
[Result "1-0"]
[WhiteElo "2575"]
[BlackElo "2330"]

1.Nf3 c5 2.c4 Nf6 3.Nc3 e6 4.g3 b6 5.Bg2 Bb7 6.O-O Be7 7.Re1 d6 8.e4 a6 9.d4 cxd4
10.Nxd4 Qc7 11.Be3 O-O 12.Rc1 Nbd7 13.f4 Rfe8 14.Bf2 Bf8 15.Qe2 e5 16.Nd5 Qd8
17.fxe5 Rxe5 18.Be3 Re8 19.Nf5 Rc8 20.Qd2 Ba8 21.Bd4 h6 22.b3 b5 23.Qf4 Bxd5
24.exd5 Rxe1+ 25.Rxe1 bxc4 26.Bh3 Rb8 27.bxc4 Ne5 28.Rf1 Rb4 29.Bxe5 dxe5
30.Qxe5 Rxc4 31.d6 Re4 32.Nxh6+ Kh7 33.Bf5+ Kxh6 34.Bxe4  1-0

[Event "Bad Zwesten op"]
[Site "Bad Zwesten"]
[Date "1998.??.??"]
[Round "5"]
[White "Wojtkiewicz, Aleksander"]
[Black "Pfretzschner, Roland"]
[Result "1-0"]
[WhiteElo "2575"]
[BlackElo "2300"]

1.Nf3 Nf6 2.c4 g6 3.g3 c6 4.d4 Bg7 5.Bg2 O-O 6.Nc3 d5 7.Qb3 e6 8.O-O Na6
9.Rd1 Qb6 10.Qc2 dxc4 11.Ne5 Nd7 12.Nxc4 Qb4 13.Ne4 Qe7 14.a3 f5 15.Bg5 Nf6
16.Nxf6+ Bxf6 17.Bxf6 Rxf6 18.b4 Nc7 19.Rab1 Nd5 20.Ne5 a6 21.e3 Bd7 22.Qc5 Re8
23.a4 Bc8 24.Qxe7 Rxe7 25.Rdc1 Bd7 26.b5 axb5 27.axb5 Rf8 28.Nxd7 Rxd7 29.bxc6 bxc6
30.Rxc6 Kf7 31.Bxd5 exd5 32.h4 Kg7 33.Rbb6 Kh6 34.Kg2 Re8 35.Rf6 Kh5 36.Kh3 Re4
37.Rbd6 Ra7 38.Rxd5 Ra1 39.Rf7  1-0

[Event "Bad Zwesten op"]
[Site "Bad Zwesten"]
[Date "1998.??.??"]
[Round "7"]
[White "Wojtkiewicz, Aleksander"]
[Black "Glek, Igor V"]
[Result "1-0"]
[WhiteElo "2575"]
[BlackElo "2505"]

1.Nf3 Nf6 2.c4 g6 3.g3 c6 4.Bg2 Bg7 5.d4 d5 6.Qb3 a5 7.cxd5 a4 8.Qd1 cxd5
9.Nc3 Bd7 10.Ne5 O-O 11.O-O Be8 12.e3 e6 13.b3 a3 14.b4 Qb6 15.Rb1 Nc6 16.Nxc6 Bxc6
17.b5 Bd7 18.Rb3 Rfc8 19.Bxa3 Ne8 20.Qd3 Nd6 21.Bc5 Rxc5 22.dxc5 Qxc5 23.Rc1 Qb6
24.Bf1 d4 25.Ne4 Rxa2 26.Nc5 Be8 27.exd4 Nf5 28.Rb4 Qa5 29.Rcb1 Qb6 30.Na4 Qd8
31.Rd1 Bf8 32.Nc5 b6 33.Ra4 Rb2 34.Qc3 Rxf2 35.Kxf2 bxc5 36.Qf3 Nxd4 37.Ra8 Qb6
38.Rxd4 cxd4 39.Rxe8 d3+ 40.Kg2 Qxb5 41.Rd8 Qb2+ 42.Kh3 d2 43.Qe2 h5 44.Qxd2 Qb6
45.Qg5 Kg7 46.Rd7 h4 47.Qf4  1-0

[Event "Cannes op"]
[Site "Cannes"]
[Date "1998.??.??"]
[Round "1"]
[White "Giffard, Nicolas"]
[Black "Wojtkiewicz, Aleksander"]
[Result "0-1"]
[WhiteElo "2395"]
[BlackElo "2535"]

1.d4 g6 2.Nf3 Bg7 3.e4 d6 4.Be2 Nf6 5.Nc3 O-O 6.O-O c6 7.a4 a5 8.Re1 Na6
9.Bf1 Bg4 10.h3 Bxf3 11.Qxf3 Nd7 12.Qd1 e5 13.dxe5 dxe5 14.Bxa6 Rxa6 15.Be3 Qe7
16.Nb1 Rd8 17.Nd2 Raa8 18.Qe2 Bf6 19.Red1 Bg5 20.Bxg5 Qxg5 21.g3 Nc5 22.h4 Qe7
23.c3 Rd7 24.Nc4 Rxd1+ 25.Qxd1 Nxe4 26.Qe2 f5 27.Rd1 Qc5 28.Rd7 b5 29.axb5 cxb5
30.Qe3 bxc4  0-1

[Event "Cannes op"]
[Site "Cannes"]
[Date "1998.??.??"]
[Round "4"]
[White "Lamoureux, Charles"]
[Black "Wojtkiewicz, Aleksander"]
[Result "1/2-1/2"]
[WhiteElo "2370"]
[BlackElo "2535"]

1.e4 c5 2.Nf3 d6 3.d4 cxd4 4.Nxd4 Nf6 5.Nc3 a6 6.Bc4 e6 7.Bb3 b5 8.O-O Be7
9.Qf3 Qc7 10.Qg3 O-O 11.Bh6 Ne8 12.Rad1 Bd7 13.Nf3 Nc6 14.Bf4 Rd8 15.Rfe1 Bc8
16.e5 dxe5 17.Nxe5 Bd6 18.Nd3 Nd4 19.Bxd6 Nxd6 20.Ne4 Qe7 21.c3 N4f5 22.Qf4 Nxe4
23.Qxe4 Nd6 24.Qb4 Qc7 25.Qc5 Qe7  1/2-1/2

[Event "Cannes op"]
[Site "Cannes"]
[Date "1998.??.??"]
[Round "5"]
[White "Wojtkiewicz, Aleksander"]
[Black "Rotstein, Arkadij"]
[Result "1-0"]
[WhiteElo "2535"]
[BlackElo "2485"]

1.Nf3 c5 2.c4 Nc6 3.d4 cxd4 4.Nxd4 g6 5.e4 Bg7 6.Be3 Nf6 7.Nc3 Ng4 8.Qxg4 Nxd4
9.Qd1 Ne6 10.Rc1 Qa5 11.Qd2 b6 12.Bd3 Bb7 13.O-O f5 14.exf5 gxf5 15.Rfd1 O-O
16.f4 Nc5 17.Bb1 Rad8 18.Qe2 Na4 19.Nd5 Bxd5 20.Rxd5 Qb4 21.Bxf5 Qxb2 22.Qh5 Rxf5
23.Rxf5 Nc3 24.Qf7+ Kh8 25.Qxe7 Rg8 26.Kh1 Qe2 27.Rf7 Nd1 28.Bg1 Qd2 29.Rxd1 Qxd1
30.f5 Qb1 31.Qxd7 a5 32.a4 h5 33.h3  1-0